000 00885nam0a22002411 4500
001 rc\536112
005 20030616165641.6
035 _a(NLR Aleph) 005773654
090 _a5056916
_c5056916
100 _a20030616d1988 u |0rusy50 ca
101 0 _arus
102 _aRU
105 _aa |||||||||
200 1 _aНекоторые задачи теории конечных упругих деформаций
_fОтв. ред. Т.Р. Рашидов, Ф.Б. Бадалов
_gТашк. политехн. ин-т им. Абу Райхана Беруни
210 _aТашкент
_cФан
_d1988
215 _a127 с.
_cил.
_d22
320 _aБиблиогр.: с. 112-114 (60 назв.)
700 1 _aСуюншкалиев
_bН. Х.
_gНиколай Хаирович
801 0 _aRU
_bNLR
_gpsbo
801 1 _aRU
_bELAR
_2rusmarc
852 _aNLR
_j88-5/1406
942 _cBOOK
980 _aNB